Datum a čas kvízu
24.5
Celkem bodů
Celkový počet nahraných bodů na tomto kvízu bez doplňovacích otázek.
9.
Pořadí na kvízu
Konečné umístění týmu na tomto kvízu.
Zaznamenané odpovědi
| # | Otázka | Odpověď | Body | Výsledky |
|---|---|---|---|---|
| 1. | Čeští speleologové naměřili mi... | 450 m | 0 | |
| 2. | Do francouzské řeky Seiny minu... | běluha (severní) | 0 | |
| 3. | Televize Prima představila své... | Pálava | 0 | |
| 4. | Časopis Forbes zveřejnil žebří... | Tomáš Satoranský, Karolína Plíšková | 0 | |
| 5. | Finále ženského fotbalového Eu... | Anglie, Německo | 0.5 | |
| 6. | V následujícím tématu se budem... | ententýk | 0 | |
| 7. | Uveďte název filmu z roku 1984... | Rozpuštěný a vypuštěný | 1 | |
| 8. | Tento ikonický vůz s modelovým... | Citroën | 1 | |
| 9. | Název tohoto profesionálního a... | v Anaheimu | 1 | |
| 10. | „Kačerov jak hurikán, k nám už... | laser | 1 |